[Event "CZE-chT2E 2122"]
[Site "Czech Republic"]
[Date "2022.04.03"]
[Round "11.7"]
[White "Mrkus, Frantisek"]
[Black "Sipek, Oldrich"]
[Result "1-0"]
[WhiteElo "2100"]
[BlackElo "1936"]
[PlyCount "125"]
[EventDate "2021.10.17"]
[EventType "team-tourn"]
[EventRounds "11"]
[EventCountry "CZE"]
[SourceTitle "EXT 2024"]
[Source "ChessBase"]
[SourceDate "2023.10.10"]
[SourceVersion "1"]
[SourceVersionDate "2023.10.10"]
[SourceQuality "1"]
[WhiteTeam "Stare Mesto II"]
[BlackTeam "Jundrov Jezdci"]
[WhiteTeamCountry "CZE"]
[BlackTeamCountry "CZE"]

1. e4 c5 2. Nf3 Nc6 3. d4 cxd4 4. Nxd4 Nf6 5. Nc3 d6 6. Bg5 Qb6 7. Nb3 e6 8. Bxf6 gxf6 9. Qd2 a6 10. Be2 Bd7 11. Qf4 Be7 12. g3 0-0-0 13. 0-0-0 Rdg8 14. Kb1 Kb8 15. Qf3 Ne5 16. Qg2 Rc8 17. Qf1 a5 18. f4 Nc6 19. Qg1 Qxg1 20. Rhxg1 Rhd8 21. Rd2 d5 22. exd5 Nb4 23. d6 Bf8 24. Nxa5 b6 25. Nb3 Bc6 26. Rgd1 Nd5 27. Nxd5 Bxd5 28. Bh5 Rd7 29. Rxd5 exd5 30. Bg4 Rxd6 31. Bxc8 Kxc8 32. Nd4 Kb7 33. Re1 Rd8 34. c3 Bc5 35. Nf5 Kc6 36. Kc2 b5 37. a3 Kd7 38. Kd3 Ra8 39. Nh6 Ra6 40. Nxf7 Re6 41. Rxe6 Kxe6 42. Nh6 Bg1 43. h3 Bh2 44. f5+ Ke7 45. Ng4 Bxg3 46. b3 h5 47. Ne3 Kd6 48. Nc2 Kc5 49. Nd4 Be5 50. Nf3 Bf4 51. a4 b4 52. cxb4+ Kxb4 53. Kd4 Bc7 54. Kxd5 Kxb3 55. Ke6 Bd8 56. a5 Bxa5 57. Kxf6 Kc4 58. Kg6 Kd5 59. Kxh5 Ke4 60. Kg4 Bd8 61. h4 Bf6 62. Ng5+ Ke5 63. Nf7+ 1-0

[Event "CZE-chT2E 1819"]
[Site "Czech Republic"]
[Date "2018.12.02"]
[Round "4.3"]
[White "Mrkus, Frantisek"]
[Black "Babula, Milan"]
[Result "1/2-1/2"]
[WhiteElo "2163"]
[BlackElo "2228"]
[PlyCount "84"]
[EventDate "2018.10.14"]
[EventType "team-tourn"]
[EventRounds "11"]
[EventCountry "CZE"]
[SourceTitle "EXT 2022"]
[Source "ChessBase"]
[SourceDate "2021.10.06"]
[SourceVersion "1"]
[SourceVersionDate "2021.10.06"]
[SourceQuality "1"]
[WhiteTeam "Stare Mesto II"]
[BlackTeam "Vlcnov"]
[WhiteTeamCountry "CZE"]
[BlackTeamCountry "CZE"]

1. e4 e6 2. d4 d5 3. Nc3 h6 4. Be3 Nf6 5. e5 Nfd7 6. f4 c5 7. Nf3 Nc6 8. f5 exf5 9. Nxd5 cxd4 10. Bxd4 Nc5 11. Bc4 Be6 12. Ne3 Nxd4 13. Qxd4 Qa5+ 14. Qd2 Qxd2+ 15. Nxd2 0-0-0 16. 0-0-0 Be7 17. Bxe6+ fxe6 18. Nf3 Rxd1+ 19. Rxd1 Rd8 20. Rxd8+ Bxd8 21. Kd2 g5 22. Nc4 Ne4+ 23. Kd3 b5 24. Ncd2 Nxd2 25. Nxd2 Bc7 26. Kd4 Bb6+ 27. Kd3 Bc7 28. Kd4 Bb6+ 29. Kd3 Kd7 30. c4 bxc4+ 31. Nxc4 Bg1 32. h3 h5 33. Nd6 Kc6 34. Kc4 Bc5 35. Ne8 Bf8 36. b4 a6 37. Nf6 h4 38. a4 Be7 39. Ng8 Bd8 40. Nh6 Be7 41. Ng8 Bd8 42. Nf6 Be7 1/2-1/2

[Event "CZE-chT1E 1819"]
[Site "Czech Republic"]
[Date "2018.11.11"]
[Round "2.5"]
[White "Tovarek, Antonin1111"]
[Black "Mrkus, Frantisek"]
[Result "1/2-1/2"]
[WhiteElo "1985"]
[BlackElo "2163"]
[PlyCount "95"]
[EventDate "2018.10.21"]
[EventType "team-tourn"]
[EventRounds "11"]
[EventCountry "CZE"]
[SourceTitle "CBM 187 Extra"]
[Source "ChessBase"]
[SourceDate "2018.11.04"]
[SourceVersion "1"]
[SourceVersionDate "2018.11.04"]
[SourceQuality "1"]
[WhiteTeam "Jundrov Jezdci"]
[BlackTeam "Stare Mesto"]
[WhiteTeamCountry "CZE"]
[BlackTeamCountry "CZE"]

1. e4 e5 2. Nf3 Nc6 3. Bb5 a6 4. Ba4 Nf6 5. 0-0 Be7 6. Re1 b5 7. Bb3 d6 8. c3 0-0 9. h3 Na5 10. Bc2 c5 11. d4 Qc7 12. Nbd2 cxd4 13. cxd4 Nc6 14. Nf1 exd4 15. Bf4 Be6 16. Ng3 Qa7 17. a4 Qc5 18. Rc1 Rac8 19. e5 dxe5 20. Nxe5 Qd5 21. Bb3 Qxb3 22. Nxc6 Rxc6 23. Rxc6 Bb4 24. Rcxe6 Qxd1 25. Rxd1 fxe6 26. Be5 bxa4 27. Bxf6 Rxf6 28. Ne4 Rf4 29. Rxd4 a5 30. g3 Rf5 31. Kf1 Rd5 32. Rc4 Kf8 33. Ke2 a3 34. bxa3 Bxa3 35. f4 h6 36. g4 Bb4 37. h4 Be7 38. g5 hxg5 39. fxg5 Kf7 40. Rc7 Ke8 41. Ra7 Rd4 42. Ke3 Ra4 43. h5 Ra3+ 44. Kf4 Rh3 45. Ke5 Re3 46. h6 gxh6 47. gxh6 Rh3 48. Kxe6 1/2-1/2

[Event "Stare Mesto op"]
[Site "Stare Mesto"]
[Date "2018.08.23"]
[Round "6"]
[White "Kapusta, Petr"]
[Black "Mrkus, Frantisek"]
[Result "1/2-1/2"]
[WhiteElo "2219"]
[BlackElo "2098"]
[PlyCount "128"]
[EventDate "2018.08.18"]
[EventType "swiss"]
[EventRounds "9"]
[EventCountry "CZE"]
[SourceTitle "CBM 186 Extra"]
[Source "ChessBase"]
[SourceDate "2018.08.24"]
[SourceVersion "1"]
[SourceVersionDate "2018.08.24"]
[SourceQuality "1"]

1. e4 e5 2. Nf3 Nc6 3. Bc4 Nf6 4. d3 Be7 5. c3 0-0 6. 0-0 d6 7. h3 Na5 8. Nbd2 Nxc4 9. Nxc4 Be6 10. Ne3 c5 11. Ng5 Bd7 12. Nf5 h6 13. Nf3 Bxf5 14. exf5 Qd7 15. g4 Nh7 16. Qe2 Qc6 17. Qe4 Ng5 18. Bxg5 Bxg5 19. h4 Bf4 20. c4 Rad8 21. Qd5 Qxd5 22. cxd5 b5 23. a4 Rb8 24. axb5 Rxb5 25. Rxa7 Rxb2 26. Rfa1 Rb3 27. R1a3 Rfb8 28. g5 Rxa3 29. Rxa3 hxg5 30. hxg5 c4 31. dxc4 e4 32. Nd4 Bxg5 33. Nb5 Bf4 34. Rh3 Re8 35. Kf1 g5 36. fxg6 fxg6 37. Rh4 g5 38. Rh6 Rc8 39. Nxd6 Bxd6 40. Rxd6 Rxc4 41. Rg6+ Kf7 42. Rxg5 Kf6 43. Rh5 Kg6 44. Rh8 Rd4 45. Ke2 Rxd5 46. Ke3 Ra5 47. Kxe4 Ra4+ 48. Kf3 Kf6 49. Rb8 Ra3+ 50. Kg2 Kg6 51. Rb6+ Kf5 52. Rb5+ Kf6 53. f3 Ra2+ 54. Kg3 Ra4 55. Rb6+ Kf5 56. Rb5+ Kf6 57. f4 Ra1 58. Rb3 Rg1+ 59. Kf2 Ra1 60. Re3 Kf5 61. Rf3 Kg4 62. Kg2 Ra2+ 63. Rf2 Rxf2+ 64. Kxf2 Kxf4 1/2-1/2

[Event "CZE-chT U18 Extraliga Ost 1718"]
[Site "Czech Republic"]
[Date "2018.01.20"]
[Round "7.2"]
[White "Mrkus, Frantisek"]
[Black "Stalmach, Richard"]
[Result "0-1"]
[WhiteElo "2000"]
[BlackElo "1899"]
[PlyCount "74"]
[EventDate "2017.10.07"]
[EventType "team-tourn"]
[EventRounds "11"]
[EventCountry "CZE"]
[SourceTitle "EXT 2023"]
[Source "ChessBase"]
[SourceDate "2022.10.05"]
[SourceVersion "1"]
[SourceVersionDate "2022.10.05"]
[SourceQuality "1"]
[WhiteTeam "Stare Mesto (U18)"]
[BlackTeam "Frydek Mistek BSS (U18)"]
[WhiteTeamCountry "CZE"]
[BlackTeamCountry "CZE"]

1. e4 c6 2. d4 d5 3. Nc3 dxe4 4. Nxe4 Bf5 5. Ng3 Bg6 6. h4 h6 7. Nf3 Nd7 8. h5 Bh7 9. Bd3 Bxd3 10. Qxd3 e6 11. Bf4 Qa5+ 12. Bd2 Qb6 13. 0-0 Ngf6 14. b4 Be7 15. Rfe1 0-0 16. Rab1 Rad8 17. c4 Qc7 18. Nf5 Rfe8 19. Nxe7+ Rxe7 20. Qa3 b5 21. d5 Nb6 22. d6 Rxd6 23. c5 Rd5 24. cxb6 axb6 25. Rbc1 Re8 26. Qc3 c5 27. Bxh6 Rxh5 28. Be3 Nd5 29. Qb2 c4 30. g4 Rh3 31. Kg2 Nf4+ 32. Bxf4 Qxf4 33. Kxh3 Qxf3+ 34. Kh4 f6 35. g5 Kf7 36. g6+ Kxg6 37. Rg1+ Kf7 0-1

[Event "CZE-chT U18 Extraliga Ost 1718"]
[Site "Czech Republic"]
[Date "2018.01.20"]
[Round "6.2"]
[White "Sramek, Vojtech"]
[Black "Mrkus, Frantisek"]
[Result "1/2-1/2"]
[WhiteElo "2067"]
[BlackElo "2000"]
[PlyCount "111"]
[EventDate "2017.10.07"]
[EventType "team-tourn"]
[EventRounds "11"]
[EventCountry "CZE"]
[SourceTitle "EXT 2023"]
[Source "ChessBase"]
[SourceDate "2022.10.05"]
[SourceVersion "1"]
[SourceVersionDate "2022.10.05"]
[SourceQuality "1"]
[WhiteTeam "Orlova Slavia (U18)"]
[BlackTeam "Stare Mesto (U18)"]
[WhiteTeamCountry "CZE"]
[BlackTeamCountry "CZE"]

1. e4 e5 2. Nf3 Nc6 3. Bc4 Nf6 4. d3 Be7 5. 0-0 d6 6. a4 0-0 7. Re1 Kh8 8. a5 a6 9. h3 Ng8 10. Nc3 f5 11. Nd5 f4 12. d4 g5 13. b4 g4 14. hxg4 Bxg4 15. Bb2 Nxd4 16. Bxd4 exd4 17. Qxd4+ Bf6 18. Nxf6 Qxf6 19. Qxf6+ Rxf6 20. Ra3 Re8 21. Nd4 Nh6 22. f3 Bd7 23. Rc3 c6 24. Kf2 Nf7 25. Bxf7 Rxf7 26. Rd1 Rf6 27. Rcd3 Be6 28. Ne2 d5 29. Nc3 dxe4 30. Nxe4 Rh6 31. Rd8 Rg8 32. Rxg8+ Bxg8 33. Nc5 Rh5 34. Rd4 Rh1 35. Rxf4 Rc1 36. Nxb7 Rxc2+ 37. Kg3 Kg7 38. Rg4+ Kf8 39. Nc5 Bc4 40. Kh4 Bf1 41. g3 Rh2+ 42. Kg5 Be2 43. Rh4 Rg2 44. Rf4+ Kg8 45. Ne6 Rxg3+ 46. Rg4 Rxg4+ 47. fxg4 Bc4 48. Kf6 Be2 49. g5 Bc4 50. Ke7 Bf1 51. Kd6 Kf7 52. Nf4 Bb5 53. Kc5 Kg7 54. Kd6 Kf7 55. Kc7 Kg7 56. Kd6 1/2-1/2

[Event "CZE-chT2E 1718"]
[Site "Czech Republic"]
[Date "2017.11.05"]
[Round "2.5"]
[White "Mrkus, Frantisek"]
[Black "Benes, Miroslav"]
[Result "0-1"]
[WhiteElo "2000"]
[BlackElo "1988"]
[PlyCount "84"]
[EventDate "2017.10.15"]
[EventType "team-tourn"]
[EventRounds "11"]
[EventCountry "CZE"]
[SourceTitle "EXT 2022"]
[Source "ChessBase"]
[SourceDate "2021.10.06"]
[SourceVersion "1"]
[SourceVersionDate "2021.10.06"]
[SourceQuality "1"]
[WhiteTeam "Stare Mesto II"]
[BlackTeam "Kromeriz Slavia II"]
[WhiteTeamCountry "CZE"]
[BlackTeamCountry "CZE"]

1. e4 d5 2. exd5 Qxd5 3. Nc3 Qa5 4. d4 c6 5. Nf3 Bf5 6. Bc4 e6 7. Bd2 Qb6 8. Bb3 Nf6 9. Qe2 Bb4 10. 0-0-0 Nbd7 11. Nh4 Bxc3 12. Nxf5 Bxd2+ 13. Rxd2 0-0 14. Ne3 a5 15. a4 Rfd8 16. g4 Nf8 17. g5 Nd5 18. Bxd5 cxd5 19. f4 Qb4 20. b3 b5 21. axb5 Qa3+ 22. Kb1 a4 23. b4 Qxb4+ 24. Ka2 Rdc8 25. Rb1 Qd6 26. Rd3 Qxf4 27. b6 Rab8 28. Qd2 Qxg5 29. Qa5 Qe7 30. Ra3 f5 31. Qxa4 f4 32. Ng4 Rc4 33. Qa7 Rb7 34. Rb2 f3 35. Qa6 Rxd4 36. Ne5 f2 37. Rf3 Re4 38. Nc6 Qd7 39. Qa8 h6 40. Rxf8+ Kh7 41. Rxf2 Qxc6 42. Qf8 Rxb6 0-1

[Event "Stare Mesto op"]
[Site "Stare Mesto"]
[Date "2017.08.18"]
[Round "9"]
[White "Tomcikova, Dominika"]
[Black "Mrkus, Frantisek"]
[Result "1-0"]
[WhiteElo "1927"]
[BlackElo "2090"]
[PlyCount "59"]
[EventDate "2017.08.11"]
[EventType "swiss"]
[EventRounds "10"]
[EventCountry "CZE"]
[SourceTitle "CBM 180 Extra"]
[Source "ChessBase"]
[SourceDate "2017.10.06"]
[SourceVersion "1"]
[SourceVersionDate "2017.10.06"]
[SourceQuality "1"]

1. e4 e5 2. Nf3 Nc6 3. Bc4 Nf6 4. Ng5 d5 5. exd5 Na5 6. Bb5+ c6 7. dxc6 bxc6 8. Bd3 h6 9. Ne4 Nd5 10. Nbc3 Be7 11. Nxd5 cxd5 12. Bb5+ Kf8 13. Ng3 Qb6 14. Ba4 Ba6 15. d3 g6 16. c3 Kg7 17. Bc2 d4 18. 0-0 Nc6 19. Re1 f5 20. a3 dxc3 21. bxc3 Bc5 22. Qf3 Bb7 23. Rb1 Nb4 24. Qe2 Qc6 25. Qxe5+ Kh7 26. Ne4 fxe4 27. Ba4 Bxf2+ 28. Kh1 Rhe8 29. Qf4 Qe6 30. Rxb4 1-0

[Event "Stare Mesto op"]
[Site "Stare Mesto"]
[Date "2017.08.16"]
[Round "7"]
[White "Kapusta, Petr"]
[Black "Mrkus, Frantisek"]
[Result "1-0"]
[WhiteElo "2112"]
[BlackElo "2090"]
[PlyCount "65"]
[EventDate "2017.08.11"]
[EventType "swiss"]
[EventRounds "10"]
[EventCountry "CZE"]
[SourceTitle "CBM 180 Extra"]
[Source "ChessBase"]
[SourceDate "2017.10.06"]
[SourceVersion "1"]
[SourceVersionDate "2017.10.06"]
[SourceQuality "1"]

1. e4 e5 2. Nf3 Nc6 3. Nc3 Nf6 4. Bb5 Bb4 5. 0-0 0-0 6. d3 d6 7. Bg5 Bxc3 8. bxc3 Qe7 9. Re1 Nd8 10. d4 Ne6 11. Bd2 c6 12. Bd3 Qc7 13. a4 Re8 14. h3 Kh8 15. Rb1 c5 16. d5 Nf8 17. c4 Ng8 18. a5 f6 19. Nh4 Ne7 20. Qh5 g6 21. Qf3 Kg7 22. Qg3 Kf7 23. f4 exf4 24. Bxf4 g5 25. Bxg5 fxg5 26. Rf1+ Kg7 27. Qxg5+ Neg6 28. Nf5+ Bxf5 29. exf5 Re5 30. Qg3 Rae8 31. fxg6 Nxg6 32. Rf3 R8e7 33. Rbf1 1-0

[Event "Stare Mesto op"]
[Site "Stare Mesto"]
[Date "2017.08.15"]
[Round "6"]
[White "Mrkus, Frantisek"]
[Black "Kasparek, Ondrej"]
[Result "1-0"]
[WhiteElo "2090"]
[BlackElo "1849"]
[PlyCount "23"]
[EventDate "2017.08.11"]
[EventType "swiss"]
[EventRounds "10"]
[EventCountry "CZE"]
[SourceTitle "CBM 180 Extra"]
[Source "ChessBase"]
[SourceDate "2017.10.06"]
[SourceVersion "1"]
[SourceVersionDate "2017.10.06"]
[SourceQuality "1"]

1. e4 e5 2. Nf3 Nc6 3. Bb5 Bc5 4. 0-0 d6 5. c3 a6 6. Ba4 b5 7. Bb3 Qf6 8. d4 exd4 9. Bd5 Bb7 10. cxd4 Bb6 11. Bg5 Qg6 12. Qc1 1-0

[Event "CZE-chT U18 Extraliga final-A 1617"]
[Site "Czech Republic"]
[Date "2017.04.22"]
[Round "10.4"]
[White "Mrkus, Frantisek"]
[Black "Nemcova, Karin"]
[Result "1/2-1/2"]
[WhiteElo "2015"]
[BlackElo "1810"]
[PlyCount "145"]
[EventDate "2016.10.01"]
[EventType "team-tourn"]
[EventRounds "11"]
[EventCountry "CZE"]
[SourceTitle "EXT 2022"]
[Source "ChessBase"]
[SourceDate "2021.10.06"]
[SourceVersion "1"]
[SourceVersionDate "2021.10.06"]
[SourceQuality "1"]
[WhiteTeam "Stare Mesto U18"]
[BlackTeam "Praha Oaza U18"]
[WhiteTeamCountry "CZE"]
[BlackTeamCountry "CZE"]

1. e4 d5 2. exd5 Qxd5 3. Nc3 Qd6 4. d4 Nf6 5. Nf3 c6 6. g3 Bg4 7. Bg2 e6 8. Bf4 Qd8 9. h3 Bh5 10. g4 Bg6 11. Ne5 Bb4 12. Nxg6 hxg6 13. Qd3 Bd6 14. Be3 Nbd7 15. 0-0-0 Qc7 16. Rhe1 0-0-0 17. Kb1 Nb6 18. Bg5 Bf4 19. Ne4 Bxg5 20. Nxg5 Nbd5 21. Qa3 Nf4 22. Bf1 Rd5 23. Ne4 Nxe4 24. Rxe4 Ra5 25. Qb3 Rd5 26. c4 Rd7 27. Qf3 g5 28. Qa3 a6 29. Qc5 Nxh3 30. Bxh3 Rxh3 31. Qxg5 Qd8 32. Qc5 Rf3 33. Re2 Qf6 34. d5 Qg6+ 35. Ka1 Rd3 36. Rde1 Qxg4 37. a3 Rd1+ 38. Ka2 Rxe1 39. Rxe1 exd5 40. cxd5 Rxd5 41. Qf8+ Rd8 42. Qxf7 Qd4 43. Re7 Rd7 44. Rxd7 Qxd7 45. Qf8+ Kc7 46. Qf4+ Kb6 47. Qe3+ c5 48. Kb3 Qd5+ 49. Kc3 Ka7 50. f4 b6 51. Qe7+ Qb7 52. Qe5 Qf7 53. Kd3 g6 54. Ke3 a5 55. Kf3 Ka6 56. Kg4 Qd7+ 57. Kg5 Qd3 58. Qf6 Qg3+ 59. Kh6 Kb5 60. Qg5 Qh2+ 61. Kxg6 Qxb2 62. f5 Qxa3 63. f6 Qd3+ 64. Kg7 Qd4 65. Kg6 Qd6 66. Kg7 Qd4 67. Kh7 Qd3+ 68. Qg6 Qh3+ 69. Kg7 a4 70. f7 Qd7 71. Kg8 Qd5 72. Kh7 Qd7 73. Kg8 1/2-1/2

[Event "Kouty nad Desnou op-A"]
[Site "Kouty nad Desnou"]
[Date "2017.03.15"]
[Round "6"]
[White "Valenta, Vit"]
[Black "Mrkus, Frantisek"]
[Result "1/2-1/2"]
[WhiteElo "2061"]
[BlackElo "2054"]
[PlyCount "64"]
[EventDate "2017.03.11"]
[EventType "swiss"]
[EventRounds "9"]
[EventCountry "CZE"]
[SourceTitle "CBM 177 Extra"]
[Source "ChessBase"]
[SourceDate "2017.04.27"]
[SourceVersion "1"]
[SourceVersionDate "2017.04.27"]
[SourceQuality "1"]

1. e4 e5 2. Nc3 Nf6 3. f4 d5 4. fxe5 Nxe4 5. d3 Bb4 6. Nge2 Nxc3 7. bxc3 Ba5 8. Bd2 Bg4 9. Qb1 Bb6 10. Qb4 Qh4+ 11. Ng3 Nd7 12. Qf4 h5 13. d4 Qe7 14. h3 Be6 15. Be2 g6 16. a4 c5 17. a5 Bc7 18. a6 h4 19. axb7 Rb8 20. Nf1 Rxb7 21. Ne3 f6 22. Qf3 Qf7 23. c4 cxd4 24. Nxd5 Bxd5 25. e6 Qxe6 26. cxd5 Qe5 27. d6 d3 28. dxc7 Rxc7 29. cxd3 Qxa1+ 30. Kf2 Qd4+ 31. Be3 Qe5 32. Bf4 Qd4+ 1/2-1/2

[Event "CZE-chT U18 Extraliga Ost 1617"]
[Site "Czech Republic"]
[Date "2016.10.01"]
[Round "1.3"]
[White "Nespor, Jakub"]
[Black "Mrkus, Frantisek"]
[Result "1/2-1/2"]
[WhiteElo "1867"]
[BlackElo "2015"]
[PlyCount "95"]
[EventDate "2016.10.01"]
[EventType "team-tourn"]
[EventRounds "11"]
[EventCountry "CZE"]
[SourceTitle "EXT 2022"]
[Source "ChessBase"]
[SourceDate "2021.10.06"]
[SourceVersion "1"]
[SourceVersionDate "2021.10.06"]
[SourceQuality "1"]
[WhiteTeam "Policka Stefanydes U18"]
[BlackTeam "Stare Mesto U18"]
[WhiteTeamCountry "CZE"]
[BlackTeamCountry "CZE"]

1. c4 e6 2. g3 Nf6 3. Bg2 d5 4. Nf3 d4 5. d3 Nc6 6. 0-0 Be7 7. a3 a5 8. e3 e5 9. exd4 exd4 10. Bg5 0-0 11. Re1 h6 12. Bxf6 Bxf6 13. Nbd2 Bf5 14. Ne4 Re8 15. Qd2 Bxe4 16. dxe4 Qd6 17. Rad1 Qc5 18. Qd3 Rad8 19. h3 b6 20. Kh2 Bg5 21. h4 Bf6 22. Kg1 g5 23. hxg5 hxg5 24. Bh3 Kg7 25. Kg2 Ne5 26. Nxe5 Qxe5 27. Bf5 Rh8 28. Rh1 c5 29. b3 Qb8 30. Rxh8 Rxh8 31. Rh1 Rxh1 32. Kxh1 Qh8+ 33. Kg2 Qh5 34. Qf3 Qxf3+ 35. Kxf3 Be5 36. Ke2 Kf6 37. Kd3 Bd6 38. Bg4 Ke5 39. Bf5 Bf8 40. a4 Bh6 41. Bg4 f6 42. Bf5 Kd6 43. Bg4 Bg7 44. Bf5 Ke7 45. Bg4 Kf7 46. Bh5+ Ke6 47. Bg4+ Kd6 48. Bf5 1/2-1/2

[Event "Stare Mesto op"]
[Site "Stare Mesto"]
[Date "2016.08.11"]
[Round "8"]
[White "Kapusta, Petr"]
[Black "Mrkus, Frantisek"]
[Result "1-0"]
[WhiteElo "2214"]
[BlackElo "2007"]
[PlyCount "43"]
[EventDate "2016.08.05"]
[EventType "swiss"]
[EventRounds "10"]
[EventCountry "CZE"]
[SourceTitle "CBM 173 Extra"]
[Source "ChessBase"]
[SourceDate "2016.08.29"]
[SourceVersion "1"]
[SourceVersionDate "2016.08.29"]
[SourceQuality "1"]

1. e4 e5 2. Nf3 Nc6 3. Nc3 Nf6 4. Bb5 Bb4 5. 0-0 0-0 6. d3 d6 7. Bg5 Bxc3 8. bxc3 Qe7 9. Re1 Nd8 10. d4 Ne6 11. Bd2 c5 12. Bd3 Qc7 13. h3 Re8 14. d5 Nf8 15. c4 N6d7 16. Nh4 Nb6 17. Qf3 Qe7 18. Qg3 Ng6 19. Nf5 Bxf5 20. exf5 Nf8 21. f6 Qxf6 22. Bg5 1-0

[Event "CZE-chT U18 Extraliga final-A 1516"]
[Site "Czech Republic"]
[Date "2016.04.24"]
[Round "11.4"]
[White "Mrkus, Frantisek"]
[Black "Solc, Filip"]
[Result "1-0"]
[WhiteElo "1857"]
[BlackElo "1922"]
[PlyCount "109"]
[EventDate "2015.10.03"]
[EventType "team-tourn"]
[EventRounds "11"]
[EventCountry "CZE"]
[SourceTitle "EXT 2022"]
[Source "ChessBase"]
[SourceDate "2021.10.06"]
[SourceVersion "1"]
[SourceVersionDate "2021.10.06"]
[SourceQuality "1"]
[WhiteTeam "Stare Mesto U18"]
[BlackTeam "Vlasim U18"]
[WhiteTeamCountry "CZE"]
[BlackTeamCountry "CZE"]

1. e4 c5 2. Nf3 Nc6 3. d4 cxd4 4. Nxd4 Nf6 5. Nc3 d6 6. Bg5 e6 7. Qd2 a6 8. 0-0-0 Bd7 9. f3 b5 10. Nxc6 Bxc6 11. Ne2 Rc8 12. Nd4 Bb7 13. Bd3 Be7 14. h4 Nd7 15. Rh3 Bf6 16. Kb1 h6 17. Bxf6 Qxf6 18. c3 b4 19. Ne2 0-0 20. cxb4 Ne5 21. Nc3 Nxd3 22. Qxd3 Rfd8 23. Qd4 Qg6 24. g4 d5 25. h5 Qg5 26. Qb6 Ba8 27. Rhh1 dxe4 28. fxe4 Qe7 29. Rd4 Rb8 30. Qc5 Qxc5 31. Rxd8+ Rxd8 32. bxc5 Rd4 33. b3 Kf8 34. Re1 Ke8 35. Kc2 Kd7 36. Rd1 Rxd1 37. Kxd1 g6 38. g5 Ke7 39. hxg6 fxg6 40. gxh6 Kf7 41. b4 g5 42. Ke2 Kg6 43. Kf3 Kxh6 44. Kg4 Kg6 45. e5 Bc6 46. a4 Bb7 47. b5 axb5 48. axb5 Ba8 49. c6 Kf7 50. Na4 Ke7 51. Nb6 Bxc6 52. bxc6 Kd8 53. Nc4 Kc7 54. Na5 Kb6 55. Kxg5 1-0

[Event "CZE-chT U18 Extraliga final-A 1516"]
[Site "Czech Republic"]
[Date "2016.04.23"]
[Round "10.4"]
[White "Cerny, David"]
[Black "Mrkus, Frantisek"]
[Result "0-1"]
[WhiteElo "1949"]
[BlackElo "1857"]
[PlyCount "67"]
[EventDate "2015.10.03"]
[EventType "team-tourn"]
[EventRounds "11"]
[EventCountry "CZE"]
[SourceTitle "EXT 2022"]
[Source "ChessBase"]
[SourceDate "2021.10.06"]
[SourceVersion "1"]
[SourceVersionDate "2021.10.06"]
[SourceQuality "1"]
[WhiteTeam "Policka Stefanydes U18"]
[BlackTeam "Stare Mesto U18"]
[WhiteTeamCountry "CZE"]
[BlackTeamCountry "CZE"]

1. e4 e5 2. Nf3 Nc6 3. d4 exd4 4. c3 d5 5. exd5 Qxd5 6. Nxd4 Nxd4 7. cxd4 c6 8. Nc3 Bb4 9. Be3 Qd6 10. Be2 Nf6 11. 0-0 Be6 12. a3 Ba5 13. b4 Bc7 14. f4 0-0 15. g3 Bd5 16. Bf3 Rfe8 17. Bf2 Rad8 18. Bxd5 Nxd5 19. Nxd5 Qxd5 20. Re1 Rxe1+ 21. Qxe1 Bb6 22. Rd1 h6 23. Qc3 Qh5 24. Re1 Qd5 25. Re5 Qd7 26. Qe3 Kf8 27. Re4 f5 28. Re5 g6 29. Re6 Kf7 30. Re5 Bxd4 31. Qxd4 Qxd4 32. Bxd4 Rxd4 33. b5 Rd5 34. Re6 0-1

[Event "CZE-ch U16"]
[Site "Kouty nad Desnou"]
[Date "2015.03.10"]
[Round "5"]
[White "Mrkus, Frantisek"]
[Black "Sikora, Matous"]
[Result "1-0"]
[WhiteElo "1803"]
[BlackElo "1759"]
[PlyCount "107"]
[EventDate "2015.03.07"]
[EventType "swiss"]
[EventRounds "9"]
[EventCountry "CZE"]
[SourceTitle "EXT 2017"]
[Source "ChessBase"]
[SourceDate "2016.10.25"]
[SourceVersion "1"]
[SourceVersionDate "2016.10.25"]
[SourceQuality "1"]

1. e4 e6 2. d4 d5 3. Nc3 Nf6 4. Bg5 dxe4 5. Nxe4 Nbd7 6. Nf3 Be7 7. Bxf6 Nxf6 8. Bd3 b6 9. Nxf6+ Bxf6 10. Be4 Rb8 11. Qd3 h6 12. Ne5 Bxe5 13. Qb5+ Bd7 14. Qxe5 0-0 15. 0-0-0 Qg5+ 16. Rd2 Rfc8 17. Rhd1 Qxe5 18. dxe5 Be8 19. f4 Kf8 20. g4 Ke7 21. h4 Rd8 22. g5 Rxd2 23. Rxd2 Rd8 24. Rxd8 Kxd8 25. Kd2 Ke7 26. Kc3 c5 27. b4 cxb4+ 28. Kxb4 Kd8 29. c4 Kc7 30. Kc3 Ba4 31. Kd4 Bd1 32. g6 fxg6 33. Bxg6 Bg4 34. c5 Kd7 35. Be4 bxc5+ 36. Kxc5 Be2 37. a4 Bd1 38. a5 Be2 39. Bc6+ Kc7 40. f5 Bg4 41. f6 gxf6 42. exf6 Bh5 43. Ba4 Bf7 44. Bb3 h5 45. Bd1 Bg6 46. Bc2 Bf7 47. Bh7 Kd7 48. Kd4 Kd6 49. Ke4 Kd7 50. Ke5 Kc6 51. Bd3 Kc7 52. Bb5 Kc8 53. Kd6 e5 54. Ke7 1-0

[Event "CZE-ch U16"]
[Site "Kouty nad Desnou"]
[Date "2015.03.08"]
[Round "2"]
[White "Mrkus, Frantisek"]
[Black "Jelinek, Michal"]
[Result "1-0"]
[WhiteElo "1803"]
[BlackElo "2013"]
[PlyCount "87"]
[EventDate "2015.03.07"]
[EventType "swiss"]
[EventRounds "9"]
[EventCountry "CZE"]
[SourceTitle "EXT 2017"]
[Source "ChessBase"]
[SourceDate "2016.10.25"]
[SourceVersion "1"]
[SourceVersionDate "2016.10.25"]
[SourceQuality "1"]

1. e4 e6 2. d4 d5 3. Nc3 Bb4 4. e5 c5 5. a3 Bxc3+ 6. bxc3 Ne7 7. Qg4 0-0 8. Bd3 Nbc6 9. Nf3 f5 10. exf6 Rxf6 11. Bg5 Rf7 12. Bxe7 Rxe7 13. Qh4 g6 14. Ne5 Nxe5 15. dxe5 Bd7 16. 0-0 Rf7 17. Qxd8+ Rxd8 18. f4 Bc6 19. Rad1 Kf8 20. g4 Ke7 21. Rf2 d4 22. c4 a6 23. h4 b5 24. Rb1 Rb8 25. a4 b4 26. a5 Rg8 27. Kh2 g5 28. hxg5 Rxg5 29. Kg3 Rg8 30. Rh2 Rgg7 31. Rf1 Kd8 32. Rh6 Re7 33. f5 Rg5 34. f6 Rf7 35. Rxh7 Be8 36. Kf4 Rg8 37. g5 Rff8 38. Rfh1 Bf7 39. Rg7 Be8 40. Ra7 Rh8 41. Rxh8 Rxh8 42. Ra8+ Kd7 43. f7 Rh4+ 44. Kg3 1-0